Gulleyboy 100 Worst Rappers - Statistics

General Stats
  • This quiz has been taken 96 times
  • The average score is 51 of 100
Answer Stats
Hint Answer % Correct
Tha Carter 1-5 Lil Wayne
96%
Ice ice baby Vanilla Ice
91%
Gucci Gang Lil Pump
90%
Chicken Noodle Soup Young B
89%
Savage Mode 21 Savage
87%
Panda Desiigner
87%
Pink Friday Nicki Minaj
87%
Take Care Drake
86%
Can't Touch This MC Hammer
81%
Crank That Soulja Boy
81%
Culture 1-3 Migos
80%
Bad boy P Diddy
80%
1738 Fetty Wap
79%
Little Boat Lil Yachty
79%
black version of Pitbull Flo Rida
77%
Country grammer Nelly
77%
Pink Tape Lil Uzi Vert
74%
white version of Flo Rida Pitbull
74%
White Iverson Post Malone
74%
Youtuber Steve-O
73%
Barter 6 Young Thug
73%
Another one Dj Khaled
70%
DS2 Future
70%
SremmLife 1-4 Rae Sremmurd
67%
Plug Walk Rich the kid
67%
A parody of 21 Savage 22 Savage
66%
Part of Public Enemy Flavor Flav
66%
Trap House Gucci Mane
66%
Fancy Iggy Azalea
66%
G-unit Tony Yayo
66%
The Boss Rick Ross
64%
Rack City Tyga
64%
Watch me Silento
60%
Pretty Girls Like Trap Music 2 Chainz
59%
Had beef with Eminem Benzino
59%
Cash Money Birdman
59%
Right thur Chingy
59%
All Gold Everything Trinidad James
59%
Brother of Nick Carter Aaron Carter
57%
WWE John Cena
57%
Dey know Shawty Lo
56%
Project Baby Kodak Black
54%
Love don't cost a thing Nick Cannon
54%
Coco OT Genasis
54%
Rich Gang Rich Homie Quan
54%
Grocey Bag Gudda Gudda
53%
Laffy Taffy D4L
51%
Master P son Lil Romeo
51%
Had beef with 50 cent Ja Rule
50%
Like You ft Ciara Bow Wow
49%
Still Tippin Mike Jones
47%
Shawty Plies
47%
Ain't Worried Bout Nothin French Montana
46%
On The Floor IceJJFish
46%
Play for the Lakers Kobe Bryant
46%
Does remix of other people song MattyB
44%
I Got A Thang For You Trina
44%
Never Scared Remix Bonecrusher
43%
Purple Haze Cam'ron
43%
Part of Dipset Jim Jones
43%
You was right Og Maco
43%
Drill Time Slim Jesus
43%
Good Vibrations Marky Mark
41%
This Is Why I'm Hot Mims
41%
Dated Britney Spears K Fed
40%
My neck Khia
40%
White t-shirt rappers Dem Franchize Boyz
39%
Sweatshirt Jacob Sartorius
39%
Cut Her Off K Camp
39%
Cop a Chicken Oj Da Juiceman
39%
It's goin down Yung Joc
39%
Top 5 rapper of all time Dylan
37%
Da wop Lil Chuckee
37%
Does other things beside music Pinky
37%
Walk it out Dj Unk
36%
Welcome to Atlanta Jermaine Dupri
34%
Associate with Fetty Wap Monty
33%
You're A Jerk New Boyz
33%
Marry me Rasheeda
33%
Tootsee Roll 69 Boyz
31%
Stinky leg GS Boyz
31%
Who Wanna Rob Me No Plug
30%
Do It Like You Diggy Simmons
29%
Good Lotion also on Love and Hip Hop Lil Fizz
29%
On love and Hip Hop Atlanta Joseline Hernandez
27%
My Brothers Ralo
27%
Bad Boyz Shyne
27%
Some Diddy B Pumper
26%
Love Affair Lil Twist
26%
Kant Relate Kyyngg
24%
Callin Me Lil Zane
24%
Play Around V Nasty
24%
He on Growing up Hip Hop Jojo Simmons
23%
Pop Out Katie Got Bandz
23%
Champions Ron Artest
23%
Chain Hang Low Jibbs
21%
It Ain't My Fault Silkk The Shocker
21%
Break It Down Lil Debbie
19%
The Business Yung Berg
14%
Court Side Ballout
11%
No matching quizzes found
Score Distribution
Percent of People with Each Score
Percentile by Number Answered
Your Score History
You have not taken this quiz